| 000 | 00961nam a2200217Ii 4500 | ||
|---|---|---|---|
| 003 | JO-AjNU | ||
| 008 | 230605s9999||||xx |||||||||||||| ||und|| | ||
| 020 | _a978-1-84051-034-8 | ||
| 040 |
_aJO-AjNU _bara _erda _cJO-AjNU |
||
| 041 | _aara | ||
| 050 | 1 | 4 | _aDS247 2016 |
| 100 | 3 |
_aإعداد: الحسن، عمر, _eauthor _953131 |
|
| 245 | 0 | 0 | _aالتدخلات الإيرانية في الشؤون الداخلية البحرينية: التصريحات الرسمية وشبه الرسمية منذ 14فبراير2011 حتى ديسمبر 2015 |
| 250 | _aط2/نسخة محدثة | ||
| 264 | 3 | 1 | _aالبحرين: مركز الخليج للدراسات الاستراتيجية، 2016 |
| 300 | _aاللغة العربية 152ص؛ اللغة الانجليزية 136ص | ||
| 336 |
_atext _btxt _2rdacontent |
||
| 337 |
_aunmediated _bn _2rdamedia |
||
| 338 |
_avolume _bnc _2rdacarrier |
||
| 650 | 4 |
_aالبحرين- تاريخ- شؤون داخلية _953132 |
|
| 999 |
_aA23578 _c27146 _d27146 |
||